| 000 | 00763nam a2200301Ia 4500 | ||
|---|---|---|---|
| 008 | 190123s9999 xx 000 0 und d | ||
| 020 | _a9780590603515 | ||
| 050 | _bA957 1990 | ||
| 100 | _aAvi | ||
| 245 | 4 | _aThe true confessions of Charlotte Doyle / | |
| 245 | 0 | _cby Avi ; decorations by Ruth E. Murray. | |
| 260 | _aNew York, New York : | ||
| 260 | _bScholastic, | ||
| 260 | _c1990 | ||
| 300 | _a215 pages : | ||
| 300 | _bcolored illustrations ; | ||
| 300 | _c23cm. | ||
| 500 | _a740L | ||
| 650 | _aMutiny -- | ||
| 650 | _aSea stories. | ||
| 650 | _aSelf-perception. | ||
| 650 | _aSex role. | ||
| 650 | _aVoyages and travelers -- | ||
| 650 | _xSailors. | ||
| 650 | _xTeenage girls. | ||
| 700 | _aMurray, Ruth E. | ||
| 700 | _aTitle. | ||
| 999 |
_c361184 _d361184 |
||